000
00390nam a2200133Ia 4500
008
200619s9999 xx 000 0 und d
020
_a
8178770784
100
_a
Biradar G.A.
245
0
_a
Mumbai Karnatakadalli Savinaya Kanoonu Bhanga Chalavalli
264
_a
Mysore
_b
Abhiruchi Prakashana
_c
2010
300
_a
360
942
_c
IR
999
_c
120356
_d
120356